| 000 | 01143nam a2200409Ia 4500 | ||
|---|---|---|---|
| 001 | 4802 | ||
| 003 | 9522 | ||
| 005 | 20251109064831.0 | ||
| 008 | ||||||n9999 ||| || || | ||
| 041 | _aspa | ||
| 082 |
_221 _a338 |
||
| 111 |
_aConferencia general de la ONUDI _98656 |
||
| 245 | 0 |
_aLa industria mundial desde 1960 _bprogresos y perspectovas |
|
| 260 |
_aEstados Unidos : _bOrganización de las Naciones Unidas, _c1979. |
||
| 300 | _a464p | ||
| 562 | _e1 | ||
| 650 |
_aDESARROLLO INDUSTRIAL _96692 |
||
| 650 | 0 |
_aDesarrollo rural _97414 |
|
| 650 | 0 |
_aIndustrialización _92355 |
|
| 650 | 0 |
_aNecesidades básicas _98658 |
|
| 650 |
_aPLANIFICACIÓN DE LA PRODUCCIÓN _98495 |
||
| 650 | 0 |
_aPolítica de industrialización _98659 |
|
| 650 |
_aPRODUCTO NACIONAL BRUTO _98230 |
||
| 650 | 0 |
_aRecursos naturales _92438 |
|
| 650 |
_aSECTOR PRIMARIO _98660 |
||
| 650 | 0 |
_aSector público _9253 |
|
| 650 | 0 |
_aTecnología _92367 |
|
| 650 |
_aVALOR AGREGADO _95849 |
||
| 942 | _cBKM | ||
| 999 |
_c4802 _d4802 |
||
| 526 | _a116204 | ||
| 526 | _a4969 | ||
| 526 | _a19790 | ||
| 526 | _a104436 | ||
| 526 | _a5144 | ||
| 526 | _a51868 | ||
| 526 | _a1697 | ||